书目信息 |
| 题名: |
数列问题
|
|
| 作者: | 陈汝作 编 | |
| 分册: | ||
| 出版信息: | 上海 同济大学出版社 1995.10 |
|
| 页数: | 203页 | |
| 开本: | 32开 | |
| 丛书名: | ||
| 单 册: | ||
| 中图分类: | O151.2 | |
| 科图分类: | ||
| 主题词: | 代数 , 数论 , 组合数学 | |
| 电子资源: | ||
| ISBN: | 7-5608-1448-4 | |
| 000 | 00573nam0 2200217 45 | |
| 001 | 0011281650 | |
| 005 | 20001128162413.4 | |
| 010 | @a7-5608-1448-4@d7.00元 | |
| 100 | @a20001128d1995 km y0chiy0120 ea | |
| 101 | 0 | @achi |
| 105 | @a z 000yy | |
| 200 | 1 | @a数列问题@AShu Lie Wen Ti@f陈汝作等编@FChen Ru Zuo Deng Bian |
| 210 | @a上海@c同济大学出版社@d1995.10 | |
| 215 | @a203页@d32开 | |
| 606 | 0 | @a代数 |
| 606 | 0 | @a数论 |
| 606 | 0 | @a组合数学 |
| 690 | @aO151.2@v3 | |
| 701 | 0 | @a陈汝作@4编 |
| 801 | @aCN@bPftUser@c20001128 | |
| 905 | @dO151.2@eCH949@b506522-531@f10 | |
| 数列问题/陈汝作等编.-上海:同济大学出版社,1995.10 |
| 203页;32开 |
| ISBN 7-5608-1448-4:7.00元 |
| ● |
| 相关链接 |
|
|
|
正题名:数列问题
索取号:O151.2/CH949
 
预约/预借
| 序号 | 登录号 | 条形码 | 馆藏地/架位号 | 状态 | 备注 |
| 1 | 506522 | 205065221 | 自科二线504/504自科库 50排6列2层/ [索取号:O151.2/CH949] | 在馆 | |
| 2 | 506523 | 205065230 | 自科二线504/504自科库 50排6列2层/ [索取号:O151.2/CH949] | 在馆 | |
| 3 | 506524 | 205065249 | 自科二线504/504自科库 50排6列2层/ [索取号:O151.2/CH949] | 在馆 | |
| 4 | 506525 | 205065258 | 自科二线504/504自科库 50排6列2层/ [索取号:O151.2/CH949] | 在馆 | |
| 5 | 506526 | 205065267 | 自科二线504/504自科库 50排6列4层/ [索取号:O151.2/CH949] | 在馆 | |
| 6 | 506527 | 205065276 | 自科二线504/504自科库 50排6列4层/ [索取号:O151.2/CH949] | 在馆 | |
| 7 | 506528 | 205065285 | 自科二线504/504自科库 50排6列4层/ [索取号:O151.2/CH949] | 在馆 | |
| 8 | 506529 | 205065294 | 自科二线504/504自科库 50排6列4层/ [索取号:O151.2/CH949] | 在馆 | |
| 9 | 506530 | 205065301 | 自科二线504/504自科库 50排6列4层/ [索取号:O151.2/CH949] | 在馆 | |
| 10 | 506531 | 205065310 | 自科二线504/504自科库 50排6列4层/ [索取号:O151.2/CH949] | 在馆 |